000 00601nam a2200181 i 4500
001 118544
003 ES-MaACL
005 20230906191124.0
007 t|
008 070214s1902 gw r ||||1| ger d
100 1 _aPestalozzi, Johann Heinrich.
_991453
245 1 0 _aJ. H. Pestalozzis Ausgewèahlte Werke
_b: mit Pestalozzis biographie herausgegeben /
_cJohann Heinrich Pestalozzi ; Friedrich Mann.
260 _aLangesabra :
_bHermann Beyer,
_c1902.
300 _a2 v. ;
_c22 cm.
650 4 _aMétodo Pestalozzi.
_9154052
700 1 _aMann, Friedrich.
_976044
852 _aES-MaACL
_jG-15162-63
999 _c118544
_d118544